|
|
|
|
| LEADER |
00000nab a2200000 a 4500 |
| 001 |
vtls000280126 |
| 003 |
SK-MaSNL |
| 005 |
20260318123817.0 |
| 008 |
220422c1986 xo 0 slo |
| 015 |
|
|
|a SNBRA19rr/mm-uuuuu
|
| 035 |
|
|
|a CL0290244
|
| 040 |
|
|
|a SNKBUCL
|b slo
|c SNKBUCL
|e AACR2
|
| 041 |
0 |
|
|a slo
|
| 044 |
|
|
|a xo
|c SK
|
| 080 |
|
|
|a 579.66:665.93:632.952
|2 1981
|
| 080 |
|
|
|a 665.93
|2 1981
|
| 080 |
|
|
|a 632.952
|2 1981
|
| 100 |
1 |
|
|a Zemanová, Mária
|4 aut
|9 567721
|
| 245 |
1 |
0 |
|a A laboratory study of the biodeterioration of industrial materials and its prevention by fungicides 5. Adhesives
|c Mária Zemanová
|
| 300 |
|
|
|b Tb. 3. Res. slov., rus., angl., lit. 5 zázn. v angl.
|
| 650 |
0 |
7 |
|a lepidlá
|2 snkbucl
|9 3612
|
| 650 |
0 |
7 |
|a fungicídy
|2 snkbucl
|9 15201
|
| 655 |
|
7 |
|a články zo zborníkov
|2 snkbucl
|9 166140
|
| 773 |
0 |
|
|t Acta Facultatis rerum naturalium Universitatis Comenianae. Microbiologia 13
|d Bratislava : Univerzita Komenského, 1986
|g S. 45-51
|
| 850 |
|
|
|a Slovenská národná knižnica v Martine
|a MTA001
|
| 852 |
|
|
|a SNK
|b KIS3GCP
|
| 958 |
|
|
|a NB
|
| 958 |
|
|
|a RK
|
| 958 |
|
|
|a ME
|
| 992 |
|
|
|a RZB
|
| 999 |
|
|
|c 2660445
|d 2662375
|